Loading...
| History - European | 0 | 11 | 0 | 2 | 110 | 14 | 85.36 | 4 | 9 | 0.00 | 0.00 |
| Fine Arts - Classical Music | 0 | 9 | 0 | 0 | 90 | 35 | 52.67 | 6 | 9 | 0.00 | 0.00 |
| Social Science | 0 | 7 | 0 | 2 | 70 | 43 | 77.29 | 4 | 6 | 0.00 | 0.00 |
| Literature - European | 0 | 5 | 0 | 1 | 50 | 86 | 113.40 | 1 | 4 | 0.00 | 0.00 |
| Mythology | 0 | 4 | 0 | 0 | 40 | 99 | 115.00 | 0 | 4 | 0.00 | 0.00 |
| History - World | 0 | 4 | 1 | 1 | 35 | 58 | 101.50 | 1 | 3 | 0.00 | 0.00 |
| Philosophy | 0 | 4 | 1 | 0 | 35 | 66 | 88.25 | 2 | 4 | 0.00 | 0.00 |
| Fine Arts - Other | 0 | 3 | 0 | 1 | 30 | 25 | 68.33 | 2 | 3 | 0.00 | 0.00 |
| Literature - British | 0 | 3 | 1 | 1 | 25 | 80 | 102.00 | 0 | 3 | 0.00 | 0.00 |
| History - Other | 0 | 3 | 2 | 0 | 20 | 55 | 72.33 | 3 | 3 | 0.00 | 0.00 |
| Literature - American | 0 | 2 | 1 | 0 | 15 | 84 | 103.50 | 1 | 2 | 0.00 | 0.00 |
| Science - Biology | 0 | 1 | 0 | 0 | 10 | 58 | 58.00 | 0 | 1 | 0.00 | 0.00 |
| Geography | 0 | 1 | 0 | 0 | 10 | 68 | 68.00 | 0 | 0 | 0.00 | 0.00 |
| Fine Arts - Painting and Sculpture | 0 | 2 | 2 | 0 | 10 | 110 | 114.00 | 0 | 1 | 0.00 | 0.00 |
| Other Academic | 0 | 1 | 0 | 0 | 10 | 54 | 54.00 | 1 | 1 | 0.00 | 0.00 |
| History - American | 0 | 1 | 1 | 0 | 5 | 76 | 76.00 | 0 | 1 | 0.00 | 0.00 |
| Science - Other | 0 | 0 | 1 | 0 | -5 | 0.00 | 0 | 0 | 0.00 | 0.00 |